000
00228 a2200097 4500
001
19292
100
_a
Symonds, A
245
_a
Electrical power; equipment and measurements
260
_a
_b
Mc Graw Hill
_c
090
_c
14167
_d
14167
942
_a
NUST-CAE
_c
M
_c
4633
999
_c
254365
_d
254365